Die 161 beliebtesten ♂ ♀ Vornamen (1890 - 1899) - Statistiken

Allgemein
  • Dieses Quiz wurde 105 mal gespielt
  • Das Durchschnittsergebnis liegt bei 56 aus 163
Antwortstatistiken
♂ / ♀ Namen % Korrekt
Jungen - - > | Mädchen - - > ⤵️
100%
A4 Anna
94%
K4 Karl
85%
P4 Paul
84%
H4 Hans
82%
M5 Maria
82%
J6 Johann
79%
O4 Otto
78%
W7 Wilhelm
76%
E4 Elli
74%
A4 Anne
72%
E4 Emma
72%
F5 Franz
72%
F9 Friedrich
71%
E4 Emmi
68%
H8 Heinrich
68%
J7 Johanne
68%
M5 Marie
66%
P5 Peter
66%
E9 Elisabeth
65%
J7 Johanna
60%
W6 Walter
60%
E4 Emil
59%
I3 Ida
59%
J8 Johannes
59%
P5 Paula
59%
C9 Christian
57%
T7 Theodor
57%
A5 Adolf
56%
A5 Anton
54%
G7 Gertrud
54%
L6 Ludwig
54%
W6 Werner
54%
A9 Alexander
53%
M3 Max
53%
G5 Georg
51%
M7 Michael
51%
F5 Fritz
50%
G7 Gerhard
50%
J5 Josef
50%
F6 Frieda
49%
W5 Willi
49%
G7 Günther
47%
R7 Richard
47%
E5 Erich
46%
G6 Gustav
46%
M5 Magda
46%
E4 Elsa
44%
E4 Erna
44%
H6 Helmut
44%
H9 Hildegard
44%
O5 Oskar
44%
A6 Albert
43%
C9 Charlotte
43%
E4 Ella
43%
H7 Hermann
43%
R6 Rudolf
43%
B8 Bernhard
41%
B5 Berta
41%
E4 Else
41%
K9 Katharina
41%
E5 Ernst
40%
K5 Klaus
40%
M6 Martin
40%
M6 Martha
38%
F9 Franziska
37%
K4 Kurt
37%
M9 Magdalena
37%
W10 Wilhelmine
37%
A6 August
35%
I4 Ilse
35%
O4 Olga
35%
R6 Robert
35%
H7 Herbert
34%
L5 Luise
34%
F9 Ferdinand
32%
U6 Ulrich
32%
A6 Alfred
31%
K6 Konrad
31%
L7 Leopold
31%
M8 Marianne
31%
A4 Anni
29%
H6 Helene
29%
J7 Joachim
29%
C5 Clara
28%
E6 Emilie
28%
J4 John
28%
C9 Christine
26%
E5 Erwin
26%
J5 Jakob
26%
J9 Josephine
26%
L4 Lina
26%
M9 Margarete
26%
D8 Dorothea
25%
H5 Henry
25%
P7 Pauline
25%
S6 Sophie
25%
E8 Elfriede
24%
F5 Felix
24%
F10 Friederike
24%
H6 Hedwig
24%
O7 Ottilie
24%
A4 Arno
22%
M5 Minna
22%
R4 Rosa
22%
B5 Bruno
21%
E5 Edith
21%
K5 Käthe
21%
A6 Arthur
19%
B8 Berthold
19%
G5 Grete
19%
H9 Henriette
19%
M8 Mathilde
19%
A4 Alma
18%
D8 Dietrich
18%
D4 Dora
18%
J6 Julius
18%
A6 Alfons
16%
E6 Eduard
16%
A6 Arnold
15%
C7 Carolin
15%
H6 Hertha
15%
T7 Therese
15%
A5 Agnes
13%
A5 Alois
13%
H7 Hermine
13%
A5 Anita
12%
H4 Hugo
12%
R8 Reinhold
12%
A7 Auguste
10%
B6 Bertha
10%
H5 Harry
10%
L5 Lilly
10%
L7 Lisbeth
10%
T4 Toni
10%
E5 Elise
9%
E5 Eugen
9%
E5 Ewald
9%
I4 Irma
9%
W8 Waldemar
9%
A5 Alice
7%
E6 Edmund
7%
H7 Hinrich
7%
M9 Magdalene
7%
N8 Nikolaus
7%
A5 Adele
6%
A5 Alwin
6%
M9 Margareta
6%
M4 Meta
6%
A7 Antonie
4%
B5 Betty
4%
H5 Henni
4%
W7 William
4%
A6 Amanda
3%
G8 Gretchen
3%
J6 Johnny
3%
L4 Lucy
3%
W5 Wally
1%
A6 Alwine
0%
A7 Amandus
0%
S5 Selma
0%
S10 Stanislaus
0%
Keine übereinstimmenden Quizze gefunden
Verteilung der Resultate
Anzahl Personen mit jedem Resultat
Perzentil nach korrekt beantworteten Fragen
Ihre Resultats-Entwicklung
Sie haben dieses Quiz noch nicht gespielt